Schmetterling oder Sternbild? - Statistiken

Allgemein
  • Dieses Quiz wurde 47 mal gespielt
  • Das Durchschnittsergebnis liegt bei 10 aus 15
Antwortstatistiken
Frage Antwort % Korrekt
Brauner Bär Schmetterling
89%
Kaisermantel Schmetterling
89%
Schachbrett Schmetterling
78%
Großer Fuchs Schmetterling
78%
Herkules Sternbild
78%
Nördliche Krone Sternbild
78%
Südliche Goldene Acht Schmetterling
67%
Rotes Ordensband Schmetterling
67%
Kleiner Bär Sternbild
67%
Kleiner Hund Sternbild
67%
Adler Sternbild
67%
Luftpumpe Sternbild
56%
Eule Schmetterling
44%
Phönix Sternbild
44%
Apollo Schmetterling
33%
Keine übereinstimmenden Quizze gefunden
Verteilung der Resultate
Anzahl Personen mit jedem Resultat
Perzentil nach korrekt beantworteten Fragen
Ihre Resultats-Entwicklung
Sie haben dieses Quiz noch nicht gespielt